Score 0/16 Timer 03:00
0 Plays Today
Hint Missing Word % Correct
Amanda SeyfriedMia
99.1%
Amanda PlummerFiction
96.4%
Amanda PeetWhole
91.9%
Amanda BynesGirl
91.1%
Amanda BynesFat
89.3%
Amanda PlummerMarried
85.6%
Amanda SeyfriedMean
77.1%
Amanda PeetKill
77.1%
Hint Missing Word % Correct
Amanda SeyfriedDear
74.2%
Amanda PlummerJoe
67.4%
Amanda BynesMan
66.4%
Amanda BynesEasy
60.9%
Amanda PeetThief
57.4%
Amanda PlummerKing
54.4%
Amanda SeyfriedBody
49.9%
Amanda PeetLanes
35.3%

Today's Daily Dose

Word Ladder
Folklore Song

Get the Picture
'B' Sanders

Remove Ads.
Support Sporcle.
Get the best of Sporcle when you Go Orange. This ad-free experience offers more features, more stats, and more fun while also helping to support Sporcle. Thank you for becoming a member.

You're not logged in!

Compare scores with friends on all Sporcle quizzes.
OR
Log In

Show Comments

Extras

Top Quizzes Today


Score Distribution

Your Account Isn't Verified!

In order to create a playlist on Sporcle, you need to verify the email address you used during registration. Go to your Sporcle Settings to finish the process.

Report this User

Report this user for behavior that violates our Community Guidelines.

Details: